[Event "Mittelfranken-chTB2b 0809"]
[Site "Mittelfranken"]
[Date "2009.03.08"]
[Round "7.8"]
[White "Korth, Manfred"]
[Black "Appl, Rudolf"]
[Result "0-1"]
[WhiteElo "1752"]
[BlackElo "1627"]
[PlyCount "98"]
[EventDate "2008.10.12"]
[EventType "team"]
[EventRounds "9"]
[EventCountry "GER"]
[SourceTitle "EXT 2011"]
[Source "ChessBase"]
[SourceDate "2010.11.26"]
[SourceVersion "1"]
[SourceVersionDate "2010.11.26"]
[SourceQuality "1"]
[WhiteTeam "Heideck/Hilpoltstein"]
[BlackTeam "Neumarkt"]
[WhiteTeamCountry "GER"]
[BlackTeamCountry "GER"]

1. c4 Nf6 2. Nc3 c5 3. Nf3 g6 4. g3 Bg7 5. Bg2 0-0 6. 0-0 d6 7. d4 cxd4 8. Nxd4 a6 9. e3 Qc7 10. b3 Nc6 11. Bb2 Re8 12. Rc1 Bd7 13. Nd5 Qd8 14. Nxc6 Bxc6 15. Nxf6+ Bxf6 16. Bxf6 exf6 17. Qd4 Qe7 18. Rfd1 Rad8 19. Rc2 Bxg2 20. Kxg2 Qe4+ 21. Qxe4 Rxe4 22. Rcd2 b5 23. cxb5 axb5 24. Rxd6 Ra8 25. Rd8+ Re8 26. Rxe8+ Rxe8 27. a4 bxa4 28. bxa4 Ra8 29. Ra1 Ra5 30. Kf3 Kf8 31. Ke4 Ke7 32. Ra2 g5 33. Kd4 g4 34. Ke4 Ke6 35. Kf4 h5 36. e4 f5 37. f3 fxe4 38. fxg4 hxg4 39. Kxg4 Ke5 40. h4 f5+ 41. Kg5 e3 42. h5 Ke4 43. h6 f4+ 44. Kg4 f3 45. h7 Ra8 46. a5 f2 47. Ra4+ Kd5 48. Rf4 e2 49. Rf5+ Ke6 0-1

[Event "Mittelfrankenliga-B2a 0607"]
[Site "Mittelfranken"]
[Date "2007.05.06"]
[Round "9.7"]
[White "Eichstaedt, Timm"]
[Black "Appl, Rudolf"]
[Result "1/2-1/2"]
[WhiteElo "1861"]
[BlackElo "1671"]
[PlyCount "53"]
[EventDate "2006.10.22"]
[EventType "team-tourn"]
[EventRounds "9"]
[EventCountry "GER"]
[SourceTitle "EXT 2011"]
[Source "ChessBase"]
[SourceDate "2010.11.26"]
[SourceVersion "1"]
[SourceVersionDate "2010.11.26"]
[SourceQuality "1"]
[WhiteTeam "Herzogenaurach"]
[BlackTeam "Neumarkt"]
[WhiteTeamCountry "GER"]
[BlackTeamCountry "GER"]

1. Nf3 c5 2. b3 d5 3. Bb2 Nc6 4. e3 Qd6 5. Nc3 a6 6. Be2 e5 7. d4 cxd4 8. exd4 e4 9. Ne5 Be6 10. Na4 Qc7 11. Nxc6 Qxc6 12. 0-0 b5 13. Nc5 Nf6 14. a4 b4 15. Nxa6 Rxa6 16. Bb5 Bd6 17. Bxc6+ Rxc6 18. Qd2 0-0 19. c3 Rb8 20. Rfb1 Bf5 21. Qg5 Bg6 22. cxb4 e3 23. b5 exf2+ 24. Kh1 Bxb1 25. Rxb1 Rc2 26. Qf5 Re8 27. Bc3 1/2-1/2